000 01086nam a2200265 4500
005 20240530111001.0
008 230215s2019 ua g 000 0 ara d
017 _a2019/7691
_bمصر. دار الكتب
020 _a9789776714090
040 _aEG-CaGPL
_cEG-CaGPL
082 0 4 _221
_a378
_bم آ
100 0 _aمحمد بن احمد الرشيد
245 1 0 _aآمال فى التعليم العالى /
_cمحمد بن احمد الرشيد ؛ جمعها وصنفها واشرف على مراجعتها محمد ابو بكر حميد
250 _aط.1
260 _aالقاهرة :
_bالدار العربية اللبنانية،
_c2019.
300 _a351 ؛
_c24 سم.
490 0 _aالاعمال الكاملة
650 0 7 _2qrmak
_aالتعليم
650 0 7 _2qrmak
_aالتعليم العالى
_xاغراضة واهدافة
650 0 7 _2qrmak
_aالتعليم العالى
_xالاحوال الاجتماعية
651 _2qrmak
700 0 _aمحمد ابو بكر حميد
_eمصنف ومشرف ومراجع
942 _2ddc
_cBK
999 _c67178
_d67178